Tata's A Handbook of Workshop calculation & science (Record no. 60912)

000 -LEADER
fixed length control field 00469nam a22001817a 4500
003 - CONTROL NUMBER IDENTIFIER
control field NUST-PNEC
005 - DATE AND TIME OF LATEST TRANSACTION
control field 20170116180710.0
008 - FIXED-LENGTH DATA ELEMENTS--GENERAL INFORMATION
fixed length control field 141002b xxu||||| |||| 00| 0 eng d
020 ## - INTERNATIONAL STANDARD BOOK NUMBER
International Standard Book Number 8125600736
040 ## - CATALOGING SOURCE
Transcribing agency PNEC
082 ## - DEWEY DECIMAL CLASSIFICATION NUMBER
Classification number 670.423 BAL
100 ## - MAIN ENTRY--PERSONAL NAME
9 (RLIN) 507
Personal name Bali, S.P
245 ## - TITLE STATEMENT
Title Tata's A Handbook of Workshop calculation & science
Statement of responsibility, etc. S.P. Bali
260 ## - PUBLICATION, DISTRIBUTION, ETC.
Place of publication, distribution, etc. New Delhi
Name of publisher, distributor, etc. Tata Publishers
300 ## - PHYSICAL DESCRIPTION
Extent 571 p. :
Other physical details ill. ;
Dimensions 13 cm.
650 ## - SUBJECT ADDED ENTRY--TOPICAL TERM
General subdivision ME
942 ## - ADDED ENTRY ELEMENTS (KOHA)
Source of classification or shelving scheme
Koha item type Book
Holdings
Withdrawn status Lost status Source of classification or shelving scheme Damaged status Not for loan Permanent Location Current Location Shelving location Date acquired Source of acquisition Cost, normal purchase price Total Checkouts Full call number Barcode Date last seen Cost, replacement price Price effective from Koha item type
          Pakistan Navy Engineering College (PNEC) Pakistan Navy Engineering College (PNEC) Reference 01/02/1999 Progressive International Agency 89.44   670.423 BAL PNECLIB-020381 10/02/2014 89.44 01/02/1999 Book
© 2023 Central Library, National University of Sciences and Technology. All Rights Reserved.